000 00711nam a22002177a 4500
999 _c64209
_d64209
005 20240530110720.0
008 180319s2016 ua a f b 000 0aara d
017 _a2016/3944
_bمصر. دار الكتب
020 _a9789777950596
040 _aEG-CaGPL
_cEG-CaGPL
082 0 4 _221
_a759.962\
_bل ف
100 0 _aلوتس عبدالكريم
245 1 0 _aفريدة التاج والفن /
_cلوتس عبدالكريم .
250 _aط.1
260 _aالقاهرة :
_bالدار المصرية اللبنانية ،
_c2016 .
300 _a454 ص. ؛
_c28 سم.
600 0 _aالملكة فريدة
651 _2qrmak
942 _2ddc
_cBK